1541 1896 1197 1378 1514 1109 1250 1543 1535 1149 1792 1693 1534 1042 1538 1726 1353 1533 1455 1701 1998 1666 1487 1133 1398 1802 1749 1257 1952 1433 1193 1569 1780 1097 1012 1203 1608 1257 1078 1117 1673 1667 1414 1704 1223 1856 1295 1963 1526 1309 1857 1548 1382 1560 1196 1937 1595 1290 1527 1375 1130 1165 1655 1500 1186 1719 1322 1507 1072 1165 1743 1138 1706 1348 1422 1982 1955 1977 1274 1790 1286 1504 1776 1313 1077 1117 1581 1159 1684 1518 1231 1658 1647 1795 1111 1381 1093 1005 1896 BCNSPRNW ULIB Ver.6.0+V

เปลี่ยนเป็นภาษาไทย

Change to English
 แสดงรายละเอียดบรรณานุกรม
  กลับหน้าหลัก

Brief Record : Get Marc (ISO 2709) : E-mail record : QR code < ปิดหน้าต่าง
LEADER : 00000nam 2200000uu 4500
001    13399127953
003     ULIB
008    020711s2563 th a 000 0 tha d
020    ^a9786168199473
050    ^aนว.^bธ511อ
100    ^aธาดา
245    ^aอวัสดา
250    ^aพิมพ์ครั้งที่ 1
260    ^aนนทบุรี :^bดีต่อใจ,^c2563
300    ^a256 หน้า;^b21 ซม.
650    ^aนวนิยาย
945    ^p200^l0^i008542
999    ^aประนอม เกษจรัล
รายการนี้ยังไม่มีแท็ก
คุณยังไม่ได้ล็อกอิน คุณสามารถมีกิจกรรมร่วมกับเว็บไซต์ได้ แต่ต้องล็อกอินก่อน ::
  ล็อกอิน

รายการสื่อสารสนเทศ

ลำดับที่ ประเภท เลขเรียก/บาร์โค้ด สถานที่ สถานะ
1. นวนิยาย
นวนิยาย
นว. ธ511อ ฉ.1 
  Barcode: 008542
ห้องสมุดวิทยาเขตสวรรค์ประชารักษ์
►นวนิยาย
บนชั้น
  ขอยืม

รายการใกล้เคียง
    ชื่อเรื่อง [อวัสดา]

    ผู้แต่ง [ธาดา]

    หัวเรื่อง [นวนิยาย]

BibComment


ยังไม่เคยถูกคอมเมนท์

คอมเมนท์ทรัพยากรรายการนี้
  คอมเมนท์: อวัสดา


 Copyright 2026. Bcnsprnw @Library